Zájmové kroužky přirodov : základy fyziky : Soubor programů, organizačních pokynů a metodických poznámek /

Uložené v:
Podrobná bibliografia
Hlavný autor: Škára, Ivan (Author)
Médium: Kniha
Jazyk:Czech
Vydané: Praha : Ústřední dům pionýrů a mládeže J. Fučíka, 1983.
Vydanie:1. vyd.
Edícia:Programy sv. 33
ISBN: (brož.)
Fyzický popis: 77 s.
Tagy: Pridať tag
Žiadne tagy, Buďte prvý kto otaguje tento záznam!

MARC

LEADER 00000nam a2200000 a 4500
001 000214421
005 20091203211427.0
008 040101s1983 xr e cze d
020 |a (brož.) 
040 |a SVKKK  |b slo  |c SVKKK  |e AACR2 
041 0 |a cze 
044 |a xr  |c CZ 
100 1 |a Škára, Ivan  |4 aut 
245 1 0 |a Zájmové kroužky přirodov :  |b základy fyziky : Soubor programů, organizačních pokynů a metodických poznámek /  |c Ivan Škára. 
250 |a 1. vyd. 
260 |a Praha :  |b Ústřední dům pionýrů a mládeže J. Fučíka,  |c 1983. 
300 |a 77 s. 
490 1 |a Programy  |v sv. 33 
830 0 |a Programy  |v sv. 33 
910 |a svkkk 
998 |a BK 
090 |g SCKHL  |k Sklad Pribinova 2. posch.  |a II.300990  |j 692464  |i 214421-10  |s Absenčne